000 01127nas a2200337 4500
001 BR2020000847
003 BR-BrBNA
005 20231205132119.0
007 ta
008 230509b bl.|||p| |||| 00| 00por d
040 _aBR-BrBNA
_bpor
_cBiblioteca Nacional de Agricultura
041 _a(En)
072 _aF04; F62
100 1 _aCarvalho, A. de O.
100 1 _aBergamin, A.C.
100 1 _aEvaristo, A. de P.
100 1 _aNeves, A.H.B.
100 1 _aCarmo, C.C.A do
100 1 _aGuimarães Junior, J.N. dos S.
245 1 _aInitial growth of "paricá" (Schizolobium amazonicum)seedlings under different nitrogen doses
650 _aSCHIZOLOBIUM AMAZONICUM
650 _aPARICÁ
650 _aMUDA
650 _aNUTRIÇÃO VEGETAL
650 _aADUBAÇÃO
773 0 _tNativa. Pesquisas Agrárias e Ambientais (Brazil)
_xISSN 2318-7670
_g(Mar-Apr 2016), v. 4(2) p. 112-115
_wBR2020000847
856 4 0 _uhttps://periodicoscientificos.ufmt.br/ojs/index.php/nativa/article/view/3254/pdf
856 4 0 _dLink DSPACE/MAPA BR2020000847
909 _a202311
_bLúcia
_c55
_dLúcia Elande
942 _2AGRIS
_n0
_cANA
999 _c258543
_d258543